| 000 | 00632nam a2200181 a 4500 | ||
|---|---|---|---|
| 001 | 000042016 | ||
| 005 | 20201002035904.0 | ||
| 008 | 120321s1982 sp f 000 0 spa d | ||
| 020 | _a8400051742 | ||
| 040 |
_aDO-SdBNP _bspa _cBNPHU |
||
| 082 |
_axxx _bxxxx |
||
| 100 | 1 |
_aGuitian Ojea, F. _963698 |
|
| 245 | 1 | 0 |
_aSuelos naturales de la provincia de Orense / _cF. Guitian Ojea, T. Carballas Fernández,. |
| 260 |
_aSantiago de Compostela, España : _bConsejo Superior de Investigaciones Científicas, _c1982. |
||
| 300 |
_a114 p. : _blam. ; _c24 cm. |
||
| 504 | _aBibliografía p: 108-114 | ||
| 700 | 1 |
_aCarballas Fernández, T. _963699 |
|
| 999 |
_c41505 _d41505 |
||